000 00760nam a22002537a 4500
005 20170124110249.0
010 _aB-422635
020 _c00.00
_a8174091955
035 _aB-422635
037 _bCen Lib/Ret
040 _aDPL
_bEN
082 _a620.00151
_bGRE
100 _aGrewal, B.S.
_998224
245 _aHigher engineering mathematics /
_cby B.S. Grewal [and] J.S. Grewal
250 _a40th ed
260 _aNew Delhi
_bKhanna Publishers
_c2007
270 _bNew Delhi
_a4575/15, Dariyaganj
_e110002
300 _axix, 1391p.
_c21cm(Hb)
500 _aIncludes index
650 _aMathematics
_98937
650 _aEngineering mathematics
_998225
700 _aGrewal, J.S.
_921899
942 _2ddc
_cEN
_h620.00151
_mGRE
999 _c135733
_d135733